bandeias de paises não reconhecidos - Statistics

Estatísticas Gerais
  • Esse quiz foi jogado 925 vezes
  • A pontuação média é 21 de 41
Estatísticas das Respostas
Imagem Resposta % Correto
País de Gales
90%
Escócia
87%
Hong Kong
84%
Inglaterra
83%
Groelândia
78%
Ilhas Feroe
78%
Gibraltar
74%
Mayotte
73%
Macau
71%
Ilha de Man
70%
guam
69%
Curaçao
64%
Ilhas Virgens Americanas
62%
Guiana Francesa
58%
Irlanda do Norte
57%
Chipre do Norte
54%
Ilhas Cook
52%
Nova Caledônia
52%
Ilhas Virgens Britânicas
51%
aruba
50%
Jersey
50%
Polinésia Francesa
48%
Niue
47%
Saara Ocidental
45%
Abecásia
38%
Ilha Norfolk
38%
Somalilândia
37%
anguila
36%
Guernsey
35%
Montserrat
34%
Tokelau
34%
Ossetia do Sul
33%
Ilha Christmas
30%
Transnistria
30%
Wallis e Futuna
28%
Ilhas Turcas e Caicos
25%
artsaque
24%
Ilhas Cayman
24%
Ilhas Falkland
23%
Ilhas Marianas do Norte
23%
São Bartolomeu
18%
Nenhum quiz correspondente encontrado
Distribuição das Pontuações
Porcentagem de Pessoas com Cada Pontuação
Percentil de Números Respondidos
Sua Pontuação Histórica
Você não jogou esse quiz